Szczegóły MARC21

Mój słowniczek ortograficzny : ch /

005 -DATA I CZAS OSTATNIEJ MODYFIKACJI [,]
    • @
    • pole kontrolne
    • 20070315155141.9
020 -Międzynarod. znormalizowany nr książki - ISBN [ , ]
    • a
    • Numer ISBN
    • 8386248750 Find
040 -Instytucja sporządzająca opis [ , ]
    • a
    • Instytucja, która sporządziła opis (NP)
    • SZCZ U
    • c
    • Instytucja, która sporządziła rekord (NP)
    • SZCZ U
041 -Język dokumentu [0, ]
    • a
    • Język tekstu (P)
    • polski
    • h
    • Język tekstu oryginalnego i/lub pośredniego (P)
    • polski
942 -Rodzaj dokumentu [ , ]
    • c
    • Rodzaj dokumentu
    • Książka
100 -Hasło główne - nazwa osobowa [ , ]
    • a
    • Nazwa osobowa (NP)
    • SZCZEPAŃCZYK GRAŻYNA
245 -Strefa tytułu i oznaczenia odpowiedzialności [1, ]
    • a
    • Tytuł
    • Mój słowniczek ortograficzny : Find
    • b
    • Ciąg dalszy tytułu (NP)
    • ch / Find
260 -Strefa adresu wydawniczego [ , ]
    • a
    • Miejsce wydania (P)
    • Inowrocław :
    • b
    • Nazwa wydawcy (P)
    • "Pozkal",
    • c
    • Data wydania (P)
    • [1993?].
300 -Strefa opisu fizycznego [ , ]
    • a
    • Określenie formy książki i/lub objętość (NP)
    • 35 s. :
    • b
    • Oznaczenie ilustracji (NP)
    • rys. :
    • c
    • Format (NP)
    • 21 cm.
080 -Uniwersalna Klasyfikacja Dziesiętna [ , ]
    • a
    • Symbol klasyfikacji
    • 808.4-1(075.2)(076)
980 -Symbol UKD [ , ]
    • a
    • UKD
    • 808.4-1(075.2)(076)
920 -ISBN [ , ]
    • a
    • ISBN
    • 83-86248-75-0 Find
Data inwentaryzacji Lokalizacja Status udost. Numer inwentarzowy
1996-03-18BG1Pd.8638
1996-03-18BNS2Pd.8639